يا د و ں کے د ر يچے (Record no. 166831)

MARC details
000 -LEADER
fixed length control field 00620nam a22001937a 4500
005 - DATE AND TIME OF LATEST TRANSACTION
control field 20190809124816.0
010 ## - LCCN (DPL NO)
LC control number UR-10362
020 ## - INTERNATIONAL STANDARD BOOK NUMBER
Terms of availability 250.00
International Standard Book Number -
035 ## - SYSTEM CONTROL NUMBER
System control number U-8917
037 ## - SOURCE OF ACQUISITION
Source of stock number/acquisition DBAD/PUB
082 ## - DEWEY DECIMAL CLASSIFICATION NUMBER
Classification number ک
100 ## - MAIN ENTRY--PERSONAL NAME
Personal name عبد الو حيد و ا حد
245 ## - TITLE STATEMENT
Title يا د و ں کے د ر يچے
Statement of responsibility, etc عبد الو حيد و ا حد
246 ## - VARYING FORM OF TITLE
Remainder of title Yadoon Ke Dariche (Urdu)
Title proper/short title by Abdul Wahid Wahid
260 ## - PUBLICATION, DISTRIBUTION, ETC. (IMPRINT)
Place of publication, distribution, etc Madhya Pradesh
Name of publisher, distributor, etc Abdul Wahid Wahid
Date of publication, distribution, etc 2018 ء
270 ## - ADDRESS
Address Risala Masjid Road Nimch Cantt
City Cantt
Postal code 458441
Telephone number 07503295449
Fax number -
300 ## - PHYSICAL DESCRIPTION
Extent 194 ص
Dimensions 22 Cm(Hb)
942 ## - ADDED ENTRY ELEMENTS (KOHA)
Source of classification or shelving scheme Dewey Decimal Classification
Item type Urdu Bks
Classification part ک
Call number suffix و ا ح
Holdings
Withdrawn status Lost status Not for loan Collection code Home library Current library Date acquired Source of acquisition Cost, normal purchase price Full call number Barcode Copy number Cost, replacement price Koha item type
    Not For Loan Fiction D.B.Act.Division D.B.Act.Division 09/08/2019 DBAD/PUB 250.00 ک و ا ح U-8917 1 250.00 Urdu Bks

© Delhi Public Library
Hit Counter
free hit counter